<?xml version="1.0" encoding="UTF-8"?>
<record
    xmlns:xsi="http://www.w3.org/2001/XMLSchema-instance"
    xsi:schemaLocation="http://www.loc.gov/MARC21/slim http://www.loc.gov/standards/marcxml/schema/MARC21slim.xsd"
    xmlns="http://www.loc.gov/MARC21/slim">

  <leader>01204nam a2200229 a 4500</leader>
  <controlfield tag="001">BRCA_8755</controlfield>
  <controlfield tag="005">20190320210408.0</controlfield>
  <controlfield tag="008">130317s1731----sp-#######---#000-0#spa-#</controlfield>
  <datafield tag="041" ind1=" " ind2=" ">
    <subfield code="a">spa</subfield>
  </datafield>
  <datafield tag="044" ind1=" " ind2=" ">
    <subfield code="a">sp</subfield>
  </datafield>
  <datafield tag="084" ind1=" " ind2=" ">
    <subfield code="a">BE121</subfield>
    <subfield code="b">.B45 1731</subfield>
  </datafield>
  <datafield tag="100" ind1="1" ind2=" ">
    <subfield code="a">Belvis, Geronymo Fray</subfield>
    <subfield code="9">21804</subfield>
  </datafield>
  <datafield tag="245" ind1="1" ind2="0">
    <subfield code="a">El g&#xE9;nesis con reflexi&#xF3;n</subfield>
    <subfield code="c">por el Revmo. P. Maestro Fray Geronymo Belvis Monge de la Religi&#xF3;n de San Georonymo, Maestro en su Religi&#xF3;n, Predicador electo por su Magestad, Difinidor y Visitador General, dos vezes Prior en el Real Convento de N. Se&#xF1;ora de la Esperanza de Segorbe, tres vezes Prior en su Real Convento de San Miguel de los Reyes de la Ciudad de Valencia, &amp;c.</subfield>
  </datafield>
  <datafield tag="260" ind1=" " ind2=" ">
    <subfield code="a">Valencia</subfield>
    <subfield code="b">En la Imprenta de Antonio Balle</subfield>
    <subfield code="c">1731</subfield>
  </datafield>
  <datafield tag="300" ind1=" " ind2=" ">
    <subfield code="a">[81], 270 p. (t.1)</subfield>
    <subfield code="c">20.3 x 15.5 cm.</subfield>
  </datafield>
  <datafield tag="500" ind1=" " ind2=" ">
    <subfield code="a">Con privil.</subfield>
  </datafield>
  <datafield tag="500" ind1=" " ind2=" ">
    <subfield code="a">En portada: Dedicado a la ilustrissima Se&#xF1;ora do&#xF1;a Francisca Maria de Belvis, Portugal, y Cordova, Marquesa de Benedites, y Villa Mayor; Condesa del Villar-Donpardo, &amp;c.</subfield>
  </datafield>
  <datafield tag="500" ind1=" " ind2=" ">
    <subfield code="a">Estado f&#xED;sico: presenta encuadernaci&#xF3;n en pergamino, con algunas hojas manchadas y cintas rotas</subfield>
  </datafield>
  <datafield tag="700" ind1="1" ind2=" ">
    <subfield code="a">Balle, Antonio</subfield>
    <subfield code="e">Impresor</subfield>
    <subfield code="9">21805</subfield>
  </datafield>
  <datafield tag="902" ind1=" " ind2=" ">
    <subfield code="a">CFM</subfield>
  </datafield>
  <datafield tag="942" ind1=" " ind2=" ">
    <subfield code="2">lcc</subfield>
    <subfield code="c">B</subfield>
  </datafield>
  <datafield tag="999" ind1=" " ind2=" ">
    <subfield code="c">8407</subfield>
    <subfield code="d">8407</subfield>
  </datafield>
  <datafield tag="952" ind1=" " ind2=" ">
    <subfield code="0">0</subfield>
    <subfield code="1">0</subfield>
    <subfield code="4">0</subfield>
    <subfield code="7">0</subfield>
    <subfield code="a">BRCA</subfield>
    <subfield code="b">BRCA</subfield>
    <subfield code="d">2017-03-13</subfield>
    <subfield code="l">0</subfield>
    <subfield code="o">BE121 .B45 1731</subfield>
    <subfield code="p">CFM00088</subfield>
    <subfield code="r">2019-03-22 00:00:00</subfield>
    <subfield code="w">2019-03-22</subfield>
    <subfield code="y">B</subfield>
  </datafield>
</record>
